000 005970000a22001810004500
003 MACL
005 20160604112616.0
008 160604b xxu||||| |||| 00| 0 eng d
040 _aMACL
_cMACL
041 _aHindi
082 _a920
100 _aनन्‍दन, कन्‍हैयालाल
_962277
245 _aखुशबु का लिबास
_cकन्‍हैयालाल नन्‍दन
260 _bतस्‍वीर प्रोडक्‍शन
_aदिल्‍ली
350 _a1500
650 _aAutobiography
_962278
942 _cHIN
_k920/KAN
_2ddc
999 _c10080
_d10080